LEADER 01663nam 2200421Ka 450 001 9910698095603321 005 20090202092853.0 035 $a(CKB)5470000002394043 035 $a(OCoLC)301228092 035 $a(EXLCZ)995470000002394043 100 $a20090202d1989 ua 0 101 0 $aeng 181 $ctxt$2rdacontent 182 $cc$2rdamedia 183 $acr$2rdacarrier 200 14$aThe interface in tungsten fiber reinforced niobium metal-matrix composites$b[electronic resource] /$fToni L. Grobstein 210 1$a[Washington, D.C.] :$c[National Aeronautics and Space Administration],$d[1989] 215 $aiv, 75 pages $cdigital, PDF file 225 1 $aNASA TM ;$v102122 300 $aTitle from title screen (viewed Jan. 29, 2009) 300 $a"Prepared for U.S. Department of Energy, Nuclear Energy, Reactor Systems Development and Technology." 606 $aCreep properties$2nasat 606 $aFiber composites$2nasat 606 $aMatrix materials$2nasat 606 $aMetal matrix composites$2nasat 615 7$aCreep properties. 615 7$aFiber composites. 615 7$aMatrix materials. 615 7$aMetal matrix composites. 700 $aGrobstein$b Toni$01396585 712 02$aUnited States.$bOffice of the Assistant Secretary for Nuclear Energy.$bDeputy Assistant Secretary for Reactor Systems Development and Technology. 712 02$aUnited States.$bNational Aeronautics and Space Administration. 801 0$bGPO 801 1$bGPO 906 $aBOOK 912 $a9910698095603321 996 $aThe interface in tungsten fiber reinforced niobium metal-matrix composites$93456947 997 $aUNINA LEADER 02883nam 2200409 450 001 9910822443703321 005 20180622102400.0 010 $a1-78660-305-5 035 $a(CKB)4100000001502283 035 $a(MiAaPQ)EBC5205937 035 $a(EXLCZ)994100000001502283 100 $a20180129h20182018 uy 0 101 0 $aeng 135 $aurcnu|||||||| 181 $2rdacontent 182 $2rdamedia 183 $2rdacarrier 200 00$aPostcolonial Europe $ecomparative reflections after the empires /$fedited by Lars Jensen (and three others) 210 1$aLondon, [England] ;$aNew York, New York :$cRowman & Littlefield International,$d2018. 210 4$d©2018 215 $a1 online resource (261 pages) 311 $a1-78660-304-7 311 $a1-78660-306-3 320 $aIncludes bibliographical references and index. 327 $aUneven whiteness: images of blackness and whiteness in contemporary (postcolonial) Italy (2010-2012) / Gaia Giuliani -- Challenging the domestic colonial archive: notes on the racialization of the Italian Mezzogiorno / Carmine Conelli -- "El moro": discovering the hidden coloniality of the contemporary Spanish/Catalan society and its colonial subjects / Martin Lundsteen -- The coloniality of power and the disempowerment of the Roma / Sabrina Marks and Miye Nadya Tom -- Claiming greyness: Dutch coloniality against polarisation / Patricia Schor and Egbert Alejandro Martina -- How to draw a haunted nation: colonial ghosts and specters in Conceic?a?o Lima's poems / Ine?s Nascimento Rodrigues -- Who speaks the postcolonial community? reflections on language, community, and imperial nostalgia within the European continent / Elena Brugioni -- "Translation as a place of loss": a study of the translations of Fanon's Peau Noire, Masques Blancs (1952) and their role in Anglophone postcolonial studies / Sarah Scales -- Between imperial anxieties and post-colonial discourses / Alice Brown -- Possible Greenland/impossible Denmark? Rigsfællesskabet and the postcolony / Lars Jensen -- From Mobutu to Molenbeek: Belgium and postcolonialism / Sarah Arens -- Comparative posts going political: the postcolonial backlash in Poland / Dorota Kolodziejczyk -- Between East and West: queerness in Zhang Yuan's East palace, West palace / Zoran Pecic. 330 $a"Postcolonial Europe: Comparative Reflections after the Empires brings together scholars from across disciplines to rethink European colonialism in the light of its vanishing empires and the rise of new global power structures"--$cProvided by publisher. 606 $aPostcolonialism$zEurope 615 0$aPostcolonialism 676 $a325.3094 702 $aJensen$b Lars 801 0$bMiAaPQ 801 1$bMiAaPQ 801 2$bMiAaPQ 906 $aBOOK 912 $a9910822443703321 996 $aPostcolonial Europe$94049776 997 $aUNINA